| 000 | 00000nam##2200000za#4500 |
| 001 | 9.670788 |
| 003 | CaOODSP |
| 005 | 20220505163029 |
| 007 | ta |
| 008 | 150407|2009||||xxc||||| f|0| 0 fre|d |
| 020 | |a978-0-662-06393-3 |
| 040 | |aCaOODSP|bfre |
| 041 | |aeng |
| 041 | |afre |
| 043 | |an-cn--- |
| 086 | 1 |aHP5-61/2009 |
| 110 | 2 |aAgence de santé publique du Canada. |
| 245 | 10|aAgence de la santé publique du Canada : |bCanadiens en santé, un monde plus sain |
| 260 | |bAgence de santé publique du Canada |cc2009. |
| 300 | |aTexte français, [8]p. : |bphotographies ; |c21 cm. |
| 563 | |aCouverture souple |
| 590 | |a09-07|b2009-02-13 |
| 691 | 07|aPromotion de la santé|2gcpds |
| 776 | 0#|tAgence de la santé publique du Canada : |w(CaOODSP)9.635981 |
| 776 | 0#|tThe Public Health Agency of Canada : |w(CaOODSP)9.691666 |
| 791 | |tThe Public Health Agency of Canada : |eeng|w(CaOODSP)9.670787 |